| 000 | 00734cam a2200229 a 4500 | ||
|---|---|---|---|
| 001 | 000009603 | ||
| 005 | 20200929161635.0 | ||
| 008 | 850501s1977 mx 001 j spa | ||
| 040 |
_aDO-SdBNP _bspa _dBNPHU |
||
| 082 |
_a843.8 _bA516c |
||
| 100 | 1 |
_aAmicis, Edmundo de, _d1846-1908. _924451 |
|
| 245 | 1 | 0 |
_aCorazón ; _bdiario de un niño / _cEdmundo de Amicis. |
| 246 | 1 | 3 | _aDiario de un niño |
| 260 |
_aMéxico : _bEditorial Diana, _c1977. |
||
| 300 |
_a301 p. ; _c20 cm. |
||
| 500 | _a13a impresión de la primera edición,1977 | ||
| 504 | _aIncluye índice p. (299-301). | ||
| 650 | 4 |
_aCuentos franceses _913634 |
|
| 650 | 4 |
_aCuentos franceses _xColecciones de escritos _924452 |
|
| 740 | 0 | 4 | _aDiario de un niño |
| 049 | _aBNGR | ||
| 999 |
_c9363 _d9363 |
||